000 00246 a2200097 4500
001 125197
040 _cEscola Canadense de Niteroi
100 _aMartin, Justin McCory
245 1 0 _aPunctuation Tales - The Amazing Abbreviation Machine
942 _cBK
999 _c125197
_d125197